Néptanítók Lapja
Elmentve itt :
| Dokumentumtípus: | Cikk |
|---|---|
| Megjelent: |
1913
|
| Sorozat: | Magyar pedagógia : a Magyar Tudományos Akadémia Pedagógiai Bizottságának folyóirata
22 |
| Kulcsszavak: | Pedagógiai szakirodalom magyar szemle 1913, Lapszemle |
| Online Access: | http://misc.bibl.u-szeged.hu/9167 |
| LEADER | 00608nab a2200169 i 4500 | ||
|---|---|---|---|
| 001 | misc9167 | ||
| 005 | 20191106143535.0 | ||
| 008 | 170607s1913 hu o 0|| hun d | ||
| 022 | |a 0025-0260 | ||
| 040 | |a SZTE Miscellanea Repozitórium |b hun | ||
| 041 | |a hun | ||
| 245 | 0 | 0 | |a Néptanítók Lapja |h [elektronikus dokumentum] |
| 260 | |c 1913 | ||
| 300 | |a 517 | ||
| 490 | 0 | |a Magyar pedagógia : a Magyar Tudományos Akadémia Pedagógiai Bizottságának folyóirata |v 22 | |
| 695 | |a Pedagógiai szakirodalom magyar szemle 1913, Lapszemle | ||
| 856 | 4 | 0 | |u http://misc.bibl.u-szeged.hu/9167/1/mp_1913_1944_517.pdf |z Dokumentum-elérés |